00391 a2200145 4500010001400000020002300014035001300037037001600050082000600066100001900072245005700091260003000148270003900178300002800217 aENG-90153 c150.00a9449816113 aEN-73686 bDBAD / PUB14aN1 aD'Souza, Carmo1 aJose's dreams:cby Carmo D'Souzaba new world order/ aGoabAgnelo D'Souzac2008 bGoaaPorbavaddo, Calangute, Bardez avi, 110p.c22 cm (pbk)